000 00720nam a2200265Ia 4500
005 20260302114450.0
008 008 260114s9999 xx 000 0 eng d
020 _a9781978736580
037 _aTextbook
040 _aCRL
040 _beng
040 _cCRL
041 _2eng
041 _aeng
084 _qCRL
100 _aKeekok Lee
_91118848
245 4 _aThe Philosophical Foundations of Classical Chinese Medicine Philosophy, Methodology, Science
260 _bBloomsbury
260 _bLexington Books
260 _c2017
650 _aPhilosophy
856 _uhttps://doi.org/10.5040/9781978736580?locatt=label:secondary_bloomsburyCollections
942 _cEBOOK
999 _c1682647
_d1682647